Normal view
MARC view
Entry Topical Term
001 - CONTROL NUMBER
- control field: 43995
003 - CONTROL NUMBER IDENTIFIER
- control field: ARRUPE
005 - DATE AND TIME OF LATEST TRANSACTION
- control field: 20190114103448.0
008 - FIXED-LENGTH DATA ELEMENTS
- fixed length control field: 190114|| aca||aabn | a|a d
040 ## - CATALOGING SOURCE
- Original cataloging agency: ARRUPE
- Transcribing agency: ARRUPE
150 ## - HEADING--TOPICAL TERM
- Topical term or geographic name as entry element: Success.
670 ## - SOURCE DATA FOUND
- Source citation: Work cat.: (ARRUPE)0: Covey, Stephen R. 13451, The 8th habit :, c2004.